Score 0/13 Timer 01:30
3 Plays Today
Hint 4-Letter Word % Correct
1959-1964 CBS TV show: 'The Twilight ___'ZONE
93.5%
Musical groupBAND
91.5%
Building's corridorHALL
91.2%
Trite expression: The ___ of my existenceBANE
91.1%
1903 Jack London novel: 'The ___ of the Wild'CALL
89.8%
Cavity or pitHOLE
89.4%
Nicholas Sparks novel: 'A ___ in the Road'BEND
87.9%
★ Bad guy actor in this movie: Billy ___●ZANE●
87.2%
SharpenHONE
87.1%
American Revolutionary War hero: Nathan ___HALE
86.2%
Necklace componentBEAD
84.6%
★ Nautical term for a lack of wind or a 1989 thriller: '___ [last rung]' ★●●DEAD●●
59.6%
★ Nautical term for a lack of wind or a 1989 thriller: '[first rung] ___' ★●●CALM●●
56.5%

Today's Daily Dose

Remove Ads.
Support Sporcle.
Get the best of Sporcle when you Go Orange. This ad-free experience offers more features, more stats, and more fun while also helping to support Sporcle. Thank you for becoming a member.

You're not logged in!

Compare scores with friends on all Sporcle quizzes.
OR
Log In

Show Comments

Extras

Top Quizzes Today


Score Distribution

Your Account Isn't Verified!

In order to create a playlist on Sporcle, you need to verify the email address you used during registration. Go to your Sporcle Settings to finish the process.

Report this User

Report this user for behavior that violates our Community Guidelines.

Details: